| 000 | 02989nam a2200421 a 4500 | ||
|---|---|---|---|
| 001 | ebr10496031 | ||
| 003 | CaPaEBR | ||
| 006 | m u | ||
| 007 | cr cn||||||||| | ||
| 008 | 110405s2011 gauad sb 001 0 eng d | ||
| 010 | _z 2011012912 | ||
| 020 | _z9780820338347 (hardcover : alk. paper) | ||
| 020 | _z0820338346 (hardcover : alk. paper) | ||
| 020 | _z9780820340678 (pbk. : alk. paper) | ||
| 020 | _z0820340677 (pbk. : alk. paper) | ||
| 020 | _z9780820341378 (e-book) | ||
| 040 |
_aCaPaEBR _cCaPaEBR |
||
| 035 | _a(OCoLC)756280793 | ||
| 050 | 1 | 4 |
_aU163 _b.D36 2011eb |
| 082 | 0 | 4 |
_a363.325 _222 |
| 100 | 1 | _aDemchak, Chris C. | |
| 245 | 1 | 0 |
_aWars of disruption and resilience _h[electronic resource] : _bcybered conflict, power, and national security / _cChris C. Demchak. |
| 260 |
_aAthens : _bUniversity of Georgia Press, _cc2011. |
||
| 300 |
_axviii, 331 p. : _bill. |
||
| 490 | 1 | _aStudies in security and international affairs | |
| 504 | _aIncludes bibliographical references and index. | ||
| 505 | 0 | _aGlobalization and spread of cybered conflict -- Emerging uncivil cybered international system -- Challenge to international relations theory -- Syncretic reframing : security resilience strategy for a cybered world -- Security resilience strategy : linking framework and tools -- History's experiments in security resilience -- Case studies of city-state security strategies -- Greek and Italian city-state wars of disruption -- British and U.S. small wars of disruption -- Lessons for disruption in a security resilience strategy -- Challenges in a new strategy for cybered threats -- Political acceptance of cybered threat in democratic city-states -- Technical design for cybered conflict -- Operational constraints on implementation of disruption -- Institutional design for cybered power and national security -- Honest joint consultation--knowledge nexus -- Comprehensive data--privacy in behavior-based adaptations -- Collaborative actionable knowledge : the atrium model -- Gathering what exists today -- Disruption and resilience for national security and power in a cybered world -- Marks of the new cybered age : sovereignty, disruption, and resilience -- Inklings of the future : the rise of the cybercommand -- Adapting the social contract for cybered uncertainty. | |
| 533 |
_aElectronic reproduction. _bPalo Alto, Calif. : _cebrary, _d2013. _nAvailable via World Wide Web. _nAccess may be limited to ebrary affiliated libraries. |
||
| 650 | 0 | _aInformation warfare. | |
| 650 | 0 |
_aCyberspace _xSecurity measures. |
|
| 650 | 0 |
_aComputer networks _xSecurity measures. |
|
| 650 | 0 |
_aCyberterrorism _xPrevention. |
|
| 650 | 0 |
_aNational security _xTechnological innovations. |
|
| 655 | 7 |
_aElectronic books. _2local |
|
| 710 | 2 | _aebrary, Inc. | |
| 830 | 0 | _aStudies in security and international affairs. | |
| 856 | 4 | 0 |
_uhttp://site.ebrary.com/lib/rucke/Doc?id=10496031 _zAn electronic book accessible through the World Wide Web; click to view |
| 999 |
_c128334 _d128334 |
||